000 00796nam a2200229Ia 4500
005 20211112074841.0
008 130821s2011 xxu gr eng
020 _a9781580412469
040 _aCo-BoUCM
_bspa
_cLuz Cupitra (modificó)
_d[Nuevo]
041 0 0 _aeng
060 _aWM 475
100 1 _aEastman, Kristen
_975245
245 1 0 _aSelective mutism an overview for SLPS
_cKristen Eastman, Joleen R. Eastman
260 _aRockville (Maryland, Estados Unidos)
_bAmerican Speech-Languaje Hearing Association
_c2011
300 _a47 páginas
_e1folleto,1CD-ROM
650 0 4 _aMudos
_919859
650 0 4 _aMutismo
_920055
650 0 4 _aPsiquiatría
_98004
650 0 4 _aTrastornos del habla
_925777
700 1 _aEastman Joleen R.
_975246
942 _cLIBRO
_a15
_e1
_mE137s
_2NLM
_hWM 475
_n0
999 _c72634
_d72634